000 00280cam a22000977a 4500
008 180718b1996 xxu||||| |||| 00| 0 eng d
245 _aConsumer electronics: a sector study
260 _a
_bExport-Import Bank of India
_c1996
300 _a100p.
700 _aExport-Import Bank of India
999 _c503627
_d503627